Iný kraj, iný spotrebiteľ

Najhlbší vplyv na spotrebiteľské správanie majú kultúrne faktory. Čo je "one-to-one marketing". Interkulturálny marketingový mix. Spotrebitelia a kultúrne rozdiely.

Gespeichert in:
Bibliographische Detailangaben
1. Verfasser: Bokorová, Jana
Format: Buchkapitel
Sprache:Slowakisch
Schlagworte:
Tags: Tag hinzufügen
Keine Tags, Fügen Sie das erste Tag hinzu!

MARC

LEADER 00000naa a2200000 4500
001 r044505
005 20231004094006.2
041 0 |a slo 
044 |a SK 
245 1 0 |a Iný kraj, iný spotrebiteľ  |c Jana Bokorová 
520 |a Najhlbší vplyv na spotrebiteľské správanie majú kultúrne faktory. Čo je "one-to-one marketing". Interkulturálny marketingový mix. Spotrebitelia a kultúrne rozdiely. 
610 2 0 |a psychológia predaja 
610 2 0 |a spotrebitelia 
610 2 0 |a kultúra 
610 2 0 |a marketing 
610 2 0 |a reťazce obchodné 
100 1 |a Bokorová, Jana